| 000 | 00000nam 2200000zi 4500 |
| 001 | 9.891160 |
| 003 | CaOODSP |
| 005 | 20221107172812 |
| 006 | m o d f |
| 007 | cr cn||||||||| |
| 008 | 200903s2019 quca ob f000 0 eng d |
| 040 | |aCaOODSP|beng|erda|cCaOODSP |
| 043 | |an-cn--- |
| 086 | 1 |aR5-719/3-2019E-PDF |
| 245 | 00|aCollaborative process on Indian registration, band membership and First Nation citizenship : |breport to Parliament. |
| 264 | 1|a[Gatineau, Quebec] : |bGovernment of Canada = Gouvernement du Canada, |c2019. |
| 300 | |a1 online resource (1 volume (various pagings)) : |bcolour illustrations |
| 336 | |atext|btxt|2rdacontent |
| 337 | |acomputer|bc|2rdamedia |
| 338 | |aonline resource|bcr|2rdacarrier |
| 500 | |aIssued also in French under title: Processus de collaboration sur l'inscription des Indiens, l'appartenance à une bande et la citoyenneté des Premières Nations : rapport au Parlement. |
| 500 | |aIssued by: Crown-Indigenous Relations and Northern Affairs Canada. |
| 500 | |a"June 2019." |
| 500 | |aIssued also in HTML format. |
| 504 | |aIncludes bibliographical references. |
| 610 | 10|aCanada. |tIndian Act. |
| 610 | 10|aCanada. |tCanadian Charter of Rights and Freedoms. |
| 650 | 0|aIndigenous peoples|xLegal status, laws, etc.|zCanada. |
| 650 | 0|aIndigenous women|xLegal status, laws, etc.|zCanada. |
| 650 | 0|aIndigenous peoples|xCivil rights|zCanada. |
| 650 | 0|aIndigenous women|xCivil rights|zCanada. |
| 650 | 0|aSex discrimination against women|xLaw and legislation|zCanada. |
| 710 | 1 |aCanada. |bCrown-Indigenous Relations and Northern Affairs Canada, |eissuing body. |
| 775 | 08|tProcessus de collaboration sur l'inscription des Indiens, l'appartenance à une bande et la citoyenneté des Premières Nations : |w(CaOODSP)9.892888 |
| 856 | 40|qPDF|s1.22 MB|uhttps://publications.gc.ca/collections/collection_2020/rcaanc-cirnac/R5-719-3-2019-eng.pdf |
| 856 | 4 |qHTML|sN/A|uhttps://www.rcaanc-cirnac.gc.ca/eng/1560878580290/1568897675238 |